Подробности
| 000 -МАРКЕР |
| контрольное поле |
03220nam0a22004931 4500 |
| 001 - ИДЕНТИФИКАТОР ЗАПИСИ |
| контрольное поле |
v19\rc\2110860 |
| 005 - ИДЕНТИФИКАТОР ВЕРСИИ |
| контрольное поле |
20260507132242.0 |
| 035 ## - ДРУГИЕ СИСТЕМНЫЕ НОМЕРА |
| Идентификатор записи |
(NLR Aleph) 005181903 |
| 100 ## - ДАННЫЕ ОБЩЕЙ ОБРАБОТКИ |
| Данные общей обработки |
20090914d1811 m y0rusy50 ca |
| 101 1# - ЯЗЫК РЕСУРСА |
| Язык текста, звукозаписи и т.д. |
русский |
| Язык оригинала |
немецкий |
| 102 ## - СТРАНА ПУБЛИКАЦИИ ИЛИ ПРОИЗВОДСТВА |
| Страна публикации |
Российская Федерация |
| 105 ## - ПОЛЕ КОДИРОВАННЫХ ДАННЫХ: ТЕКСТОВЫЕ МАТЕРИАЛЫ, МОНОГРАФИЧЕСКИЕ |
| Кодированные данные о монографическом текстовом документе |
ab z ||||| |
| 140 ## - ПОЛЕ КОДИРОВАННЫХ ДАННЫХ: СТАРОПЕЧАТНЫЕ ИЗДАНИЯ - ОБЩАЯ ИНФОРМАЦИЯ |
| Кодированные данные о старопечатном издании - Основные |
y jz eka yaa0000 |
| 200 1# - ЗАГЛАВИЕ И СВЕДЕНИЯ ОБ ОТВЕТСТВЕННОСТИ |
| Основное заглавие |
Практическое руководство к устроению судоходных каналов |
| Сведения, относящиеся к заглавию |
с показанием каким образом проводить оные, учреждать и строить шлюзы и прочия гидраулическия здания, и сочинять сметы издержкам. |
| -- |
При чем особенно предлагается для примера, Лангедокский канал с превосходными своими строениями, по описанию г. де ла Ланда |
| Первые сведения об ответственности |
сочиненное И.Л. Гогревом. |
| Последующие сведения об ответственности |
С приложением карты Лангедокскаго канала и 17 чертежей. |
| -- |
Напечатано по высочайшему повелению |
| 210 ## - ПУБЛИКАЦИЯ, РАСПРОСТРАНЕНИЕ И ДР. |
| Место издания, распространения и т.д. |
В Санктпетербурге |
| Имя издателя, распространителя и т. д. |
в типографии Шнора |
| Дата издания, распространения и т.д. |
1811 |
| 215 ## - ФИЗИЧЕСКАЯ ХАРАКТЕРИСТИКА |
| Специфическое обозначение материала и объем |
[4], XIV, 401, [1] с., XVIII л. черт., карт. |
| Размеры |
4° |
| 300 ## - ОБЩИЕ ПРИМЕЧАНИЯ |
| Текст примечания |
Имеется вар. 2 тит. л. с указанием переводчика после фамилии автора: С немецкаго языка перевел I Кадетскаго корпуса подполковник Василий Воронов |
| 300 ## - ОБЩИЕ ПРИМЕЧАНИЯ |
| Текст примечания |
Посвящ. пер. Александру I на с.[3] |
| 300 ## - ОБЩИЕ ПРИМЕЧАНИЯ |
| Текст примечания |
Карта и черт. - резц. грав. В.П.Пядышева, А.М.Калашникова и др. |
| 316 ## - ПРИМЕЧАНИЯ ОБ ОСОБЕННОСТЯХ ЭКЗЕМПЛЯРА |
| Текст примечания |
Экз. РНБ (140/73): Вар.1 |
| Организация и экземпляр, к которому относится поле |
NLR: 140/73 |
| 316 ## - ПРИМЕЧАНИЯ ОБ ОСОБЕННОСТЯХ ЭКЗЕМПЛЯРА |
| Текст примечания |
Экз. РНБ (18.77.2.49): Вар.2 |
| Организация и экземпляр, к которому относится поле |
NLR: 18.77.2.49 |
| 316 ## - ПРИМЕЧАНИЯ ОБ ОСОБЕННОСТЯХ ЭКЗЕМПЛЯРА |
| Текст примечания |
Экз. РНБ (РЗФ 18 в. 7/446): Вар.2 |
| Организация и экземпляр, к которому относится поле |
NLR: РЗФ 18 в. 7/446 |
| 317 ## - ПРИМЕЧАНИЯ О ПРОИСХОЖДЕНИИ ЭКЗЕМПЛЯРА |
| Текст примечания |
Экз. РНБ (18.77.2.49) из Эрмитаж. б-ки |
| Организация и экземпляр, к которому относится поле |
NLR: 18.77.2.49 |
| 321 1# - ПРИМЕЧАНИЯ ОБ ОТДЕЛЬНО ИЗДАННЫХ УКАЗАТЕЛЯХ / РЕФЕРАТАХ / ССЫЛКАХ, ОТРАЖАЮЩИХ КАТАЛОГИЗИРУЕМЫЙ ДОКУМЕНТ |
| Примечания об указателях, рефератах, ссылках |
СК 1801-1825 1801 |
| 620 ## - МЕСТО И ДАТА ПУБЛИКАЦИИ, ИСПОЛНЕНИЯ И Т. Д. |
| Город |
Санкт-Петербург |
| 700 #1 - ИМЯ ЛИЦА - ПЕРВИЧНАЯ ОТВЕТСТВЕННОСТЬ |
| Связь между полями |
z01790 |
| Начальный элемент ввода |
Гогреве |
| Часть имени, кроме начального элемента ввода |
И. Л. |
| Даты |
1737-1814 |
| Расширение инициалов личного имени |
Иоганн Людвиг |
| 702 #0 - ИМЯ ЛИЦА - ВТОРИЧНАЯ ОТВЕТСТВЕННОСТЬ |
| Начальный элемент ввода |
Александр |
| Дополнения к именам, кроме дат |
император российский |
| Римские цифры |
I |
| Даты |
1777-1825 |
| Идентификатор авторитетной/нормативной записи |
RU\NLR\AUTH\775342 |
| Код отношения |
Объект посвящения |
| 702 #1 - ИМЯ ЛИЦА - ВТОРИЧНАЯ ОТВЕТСТВЕННОСТЬ |
| Начальный элемент ввода |
Воронов |
| Часть имени, кроме начального элемента ввода |
В. И. |
| Расширение инициалов личного имени |
Василий И. |
| Код отношения |
Переводчик |
| 702 #1 - ИМЯ ЛИЦА - ВТОРИЧНАЯ ОТВЕТСТВЕННОСТЬ |
| Начальный элемент ввода |
Калашников |
| Часть имени, кроме начального элемента ввода |
А. М. |
| Дополнения к именам, кроме дат |
гравёр |
| Расширение инициалов личного имени |
Александр Михайлович |
| Идентификатор авторитетной/нормативной записи |
RU\NLR\AUTH\770293337 |
| Код отношения |
Гравер |
| 702 #1 - ИМЯ ЛИЦА - ВТОРИЧНАЯ ОТВЕТСТВЕННОСТЬ |
| Начальный элемент ввода |
Пядышев |
| Часть имени, кроме начального элемента ввода |
В. П. |
| Даты |
1758-1835 |
| Расширение инициалов личного имени |
Василий Петрович |
| Код отношения |
Гравер |
| 702 #1 - ИМЯ ЛИЦА - ВТОРИЧНАЯ ОТВЕТСТВЕННОСТЬ |
| Начальный элемент ввода |
Шнор |
| Часть имени, кроме начального элемента ввода |
И. К. |
| Даты |
1738-1812 |
| Расширение инициалов личного имени |
Иоганн Карл |
| Идентификатор авторитетной/нормативной записи |
RU\NLR\AUTH\770158276 |
| Код отношения |
Печатник (типограф) |
| 712 00 - НАИМЕНОВАНИЕ ОРГАНИЗАЦИИ - ВТОРИЧНАЯ ОТВЕТСТВЕННОСТЬ |
| Начальный элемент ввода |
Шнор, |
| Инверсированный элемент |
И. K., |
| Часть наименования, отличная от начального элемента ввода и от инверсированного элемента |
типография |
| Идентифицирующий признак |
Петербург |
| Идентификатор авторитетной/нормативной записи |
RU\NLR\AUTH\8810035686 |
| Код отношения |
Печатник (типограф) |
| 790 #1 - ИМЯ ЛИЦА - АЛЬТЕРНАТИВНАЯ ФОРМА |
| Связь между полями |
z01700 |
| Начальный элемент ввода |
Гогрев |
| 801 #0 - ИСТОЧНИК ЗАПИСИ |
| Страна |
Российская Федерация |
| Организация |
NLR |
| Правила каталогизации |
psbo |
| 801 #1 - ИСТОЧНИК ЗАПИСИ |
| Страна |
Российская Федерация |
| Организация |
ProSoft-M |
| Источник данных |
rusmarc |
| 801 #2 - ИСТОЧНИК ЗАПИСИ |
| Страна |
Российская Федерация |
| Организация |
NLR |
| Дата составления |
20160120 |
| Источник данных |
rusmarc |
| 852 ## - МЕСТОНАХОЖДЕНИЕ И ШИФР ХРАНЕНИЯ |
| Идентификатор организации |
NLR |
| Шифр хранения (Call Number) |
18.77.2.49 |
| Публикуемое примечание |
Вар.2 |
| 852 ## - МЕСТОНАХОЖДЕНИЕ И ШИФР ХРАНЕНИЯ |
| Идентификатор организации |
NLR |
| Шифр хранения (Call Number) |
140/73 |
| Публикуемое примечание |
Вар.1 |
| 852 ## - МЕСТОНАХОЖДЕНИЕ И ШИФР ХРАНЕНИЯ |
| Идентификатор организации |
NLR |
| Наименование фонда или коллекции (Sub-Location Identifier) |
РЗФ |
| Шифр хранения (Call Number) |
18 в. 7/446 |
| Публикуемое примечание |
Вар.2 |
| 942 ## - ДОПОЛНИТЕЛЬНЫЕ ЭЛЕМЕНТЫ ЗАПИСИ (АБИС) |
| Тип экземпляра АБИС |
Книга |
| 980 9# - КОЛЛЕКЦИЯ |
| Название коллекции |
|
| 980 ## - КОЛЛЕКЦИЯ |
| Название коллекции |
Национальная библиография |